Christian Biet, Droit et littérature sous l’Ancien Régime. Le jeu de la valeur et de la loi, Paris, Honoré Champion, coll. « Lumière classique », no 41, 2002. Un vol. 16,5 × 24 cm de 415 p. (notice n° 1744733)
[ vue normale ]
| 000 -LEADER | |
|---|---|
| fixed length control field | 00636cam a2200145 4500500 |
| 005 - DATE AND TIME OF LATEST TRANSACTION | |
| control field | 20260322005009.0 |
| 041 ## - LANGUAGE CODE | |
| Language code of text/sound track or separate title | fre |
| 042 ## - AUTHENTICATION CODE | |
| Authentication code | dc |
| 100 10 - MAIN ENTRY--PERSONAL NAME | |
| Personal name | Ronzeaud, Pierre |
| Relator term | author |
| 245 00 - TITLE STATEMENT | |
| Title | Christian Biet, Droit et littérature sous l’Ancien Régime. Le jeu de la valeur et de la loi, Paris, Honoré Champion, coll. « Lumière classique », no 41, 2002. Un vol. 16,5 × 24 cm de 415 p. |
| 260 ## - PUBLICATION, DISTRIBUTION, ETC. | |
| Date of publication, distribution, etc. | 2006.<br/> |
| 500 ## - GENERAL NOTE | |
| General note | 35 |
| 786 0# - DATA SOURCE ENTRY | |
| Note | Dix-septième siècle | 231 | 2 | 2006-06-01 | p. 347j-373j | 0012-4273 |
| 856 41 - ELECTRONIC LOCATION AND ACCESS | |
| Uniform Resource Identifier | <a href="https://shs.cairn.info/revue-dix-septieme-siecle-2006-2-page-347j?lang=fr&redirect-ssocas=7080">https://shs.cairn.info/revue-dix-septieme-siecle-2006-2-page-347j?lang=fr&redirect-ssocas=7080</a> |
Pas d'exemplaire disponible.




Réseaux sociaux